| 000 | 00727nam a2200277Ia 4500 | ||
|---|---|---|---|
| 003 | OSt | ||
| 005 | 20221007111438.0 | ||
| 006 | a|||||r|||| 00| 0 | ||
| 007 | ta | ||
| 008 | 221006b |||||||| |||| 00| 0 eng d | ||
| 024 | _a23,533 | ||
| 037 | _cTextual | ||
| 040 |
_aLCO _cLCO _beng |
||
| 041 |
_2eng _aeng |
||
| 082 | _aX62:(Z), L2 | ||
| 100 |
_aDrover C.B _9689626 |
||
| 245 | 0 | _aPractice and Law of Banking | |
| 250 | _a10th | ||
| 260 |
_aLondon _bMacdonald & Evans Ltd. UK _c1972 |
||
| 300 | _a702 | ||
| 650 |
_aBANKING LAW _9421663 |
||
| 700 |
_a Bosley R.W.B _9127247 |
||
| 700 | _a Sheldon | ||
| 942 |
_hX62:(Z), L2 _cTEXL |
||
| 999 |
_c1193096 _d1193096 |
||